OECD Economic Outlook (Record no. 5206)

MARC details
000 -LEADER
fixed length control field 00445nam a22002057i 4500
001 - CONTROL NUMBER
control field 5395
003 - CONTROL NUMBER IDENTIFIER
control field OSt
005 - DATE AND TIME OF LATEST TRANSACTION
control field 20170126082345.0
007 - PHYSICAL DESCRIPTION FIXED FIELD--GENERAL INFORMATION
fixed length control field tu
008 - FIXED-LENGTH DATA ELEMENTS--GENERAL INFORMATION
fixed length control field 161220s2002 xxu||||| |||| 00| 0 d
020 ## - INTERNATIONAL STANDARD BOOK NUMBER
International Standard Book Number 92-64-19161-5
024 7# - OTHER STANDARD IDENTIFIER
Standard number or code 5395
Source of number or code RID
024 7# - OTHER STANDARD IDENTIFIER
Standard number or code 5395
Source of number or code RSN (alt)
040 ## - CATALOGING SOURCE
Transcribing agency OSt
110 2# - MAIN ENTRY--CORPORATE NAME
Corporate name or jurisdiction name as entry element OECD
245 00 - TITLE STATEMENT
Title OECD Economic Outlook
260 ## - PUBLICATION, DISTRIBUTION, ETC.
Place of publication, distribution, etc. Paris,
Date of publication, distribution, etc. 2002.
300 ## - PHYSICAL DESCRIPTION
Extent 268 S. ;
Dimensions 30cm.
490 ## - SERIES STATEMENT
Series statement OECD Economic Outlook
Volume/sequential designation 71
942 ## - ADDED ENTRY ELEMENTS (KOHA)
Koha item type Book
Holdings
Withdrawn status Lost status Damaged status Not for loan Home library Current library Shelving location Date acquired Inventory number Total Checkouts Full call number Barcode Date last seen Price effective from Koha item type
        WIIW WIIW Library 07/26/2002 5395   3.317/71 10000680 01/26/2017 01/26/2017 Book
The Vienna Instiute for International Economic Studies (wiiw)